000 00782nam a2200193 i 4500
001 187936
003 ES-MaACL
005 20250822035252.0
008 180327s1933 sp |||| | spa d
100 1 _aVallejo Nágera, Antonio,
_d1889-1960
_9112854
245 1 0 _aPsicología de la simulación social /
_cconferencia pronunciada por A. Vallejo Nágera el día 2 de febrero de 1933.
260 _aMadrid :
_b[s.n.],
_c1933.
300 _a23 p.. ;
_c23 cm.
490 1 _aConferencias dadas en el Centro de intercambio intelectual germano-español ;
_v34
650 0 7 _aPsicología social
_2embne
_916573
830 0 0 _aConferencias dadas en el Centro de Intercambio Intelectual Germano-Español
_v34
_9192904
852 _aES-MaACL
_jC-8111(29)
999 _c187936
_d187936